Mexican States that Border other Countries - Statistics

General Stats
  • This quiz has been taken 11 times
  • The average score is 8 of 10
Answer Stats
Bordering Country State % Correct
United States of America Baja California
100%
United States of America Sonora
100%
Guatemala Chiapas
90%
United States of America Chihuahua
90%
United States of America Nuevo Leon
80%
Belize Quintana Roo
80%
Guatemala and Belize Campeche
70%
Guatemala Tabasco
70%
United States of America Tamaulipas
70%
United States of America Coahuila
40%
No matching quizzes found
Score Distribution
Percent of People with Each Score
Percentile by Number Answered
Your Score History
You have not taken this quiz